000 00500nam a2200169 i 4500
001 129347
003 ES-MaACL
005 20251108153259.0
007 t|
008 070612s1933 sp ||||1| spa d
245 0 3 _aEl terror en Cuba
_b: Comité de Jóvenes Revolucionarios Cubanos /
_cprefacio de Henri Barbusse.
260 _aMadrid :
_bCastro,
_c1933.
300 _a79 p. ;
_c19 cm.
700 1 _aBarbusse, Henri,
_d1873-1935
_925487
852 _aES-MaACL
_jF-14556
999 _c129347
_d129347